000
00250nam a22000977a 4500
999
_c
11719
_d
11719
008
200110b ||||| |||| 00| 0 eng d
020
_a
3350026113
100
_a
Capucilli Satin Alyssa
_9
7407
245
_a
Bear Hugs
260
_a
New York
_b
Golden Book
_c
2000